[Event "Bundesliga 0405"]
[Site "Germany"]
[Date "2005.03.12"]
[Round "12.1"]
[White "Pedersen, Steffen"]
[Black "Khenkin, Igor"]
[Result "1/2-1/2"]
[WhiteElo "2441"]
[BlackElo "2587"]
[Annotator "Lutz,C"]
[PlyCount "100"]
[EventDate "2004.11.12"]
[EventType "team-tourn"]
[EventRounds "15"]
[EventCountry "GER"]
[SourceTitle "CBM 106"]
[Source "ChessBase"]
[SourceDate "2005.06.06"]
[SourceVersion "1"]
[SourceVersionDate "2005.06.06"]
[SourceQuality "1"]
[WhiteTeam "Preetz"]
[BlackTeam "Tegernsee"]
[WhiteTeamCountry "GER"]
[BlackTeamCountry "GER"]

1. d4 d5 2. c4 e6 3. Nc3 c6 4. e3 Nf6 5. Nf3 Nbd7 6. Qc2 Bd6 7. g4 dxc4 8. Bxc4
e5 9. g5 Nd5 10. Bd2 O-O (10... exd4 {wurde hier meistens gespielt, mit
befriedigenden Resultaten für Schwarz. Vielleicht wollte Khenkin im Kampf
gegen einen schwächeren Gegner dem möglichen Remis nach} 11. Qe4+ Ne7 (11...
Qe7 $2 12. Qxd4 Ne5 13. Nxe5 Bxe5 14. Nxd5 cxd5 15. Bb5+ Kf8 16. Qxd5 Bxb2 17.
Rb1 $40 {1-0 Krasenkow,M-Volkmann,F/Mallorca 2004/CBM 104/[Lutz] (25)}) 12.
Qxd4 Nf5 13. Qe4+ {ausweichen !?}) 11. Ne4 (11. Nxd5 cxd5 12. Bxd5 exd4 13.
O-O-O (13. Nxd4 Qxg5 14. Be4 Nf6 15. Bf3 Bg4 16. Rg1 Rac8 17. Qd3 Qh4 $40 {
0-1 Szeberenyi,A-Mann,G/Budapest 1997/CBM 61 ext (63)}) 13... Nb6 14. Be4 Bg4
15. Nxd4 $5 (15. Kb1 Bxf3 16. Bxf3 Qxg5 17. exd4 Qf6 18. Be4 h6 19. h4 Rac8 20.
Qd3 Nc4 21. Bc1 Bf4 22. Bf5 Bxc1 23. Rxc1 Nd2+ 24. Ka1 Rcd8 25. d5 Qe5 26. Bh7+
Kh8 27. Qxd2 Kxh7 $11 {1/2-1/2 Zhu Chen-Dominguez,L/Wijk aan Zee 2004/CBM 99 
(60)}) 15... Rc8 16. Bc3 Bxd1 17. Rxd1 Qxg5 18. f4 Qf6 19. Nb5 Rxc3 20. Nxc3
$13 {1-0 Bagirov,V-Ofstad,P/Gladenbach 1999/EXT 2001 (29)}) (11. O-O-O exd4 12.
exd4 Nb4 13. Qe4 Nb6 14. Bb3 Re8 15. Ne5 N6d5 16. Qf3 Be6 17. Ne4 a5 $36 {
0-1 Dobrov,V-Dreev,A/chessassistantclub.com INT 2004/CBM 104 ext (73)}) 11...
Bc7 (11... Qe7 $5 {1/2-1/2 Berezovsky,I-Ribli,Z/Germany 2004/CBM 105 (11)}) 12.
dxe5 $146 (12. Rg1 exd4 13. Nxd4 Ne5 14. Be2 Ng6 15. O-O-O Re8 16. a3 Bh3 17.
Nc3 Nb6 18. Kb1 Qc8 $13 {1/2-1/2 Vorobiov,E-Galkin,A/Tomsk 2004/CBM 102/[Lutz]
(18)}) 12... Nxe5 13. Nxe5 Bxe5 14. f4 Bc7 15. O-O-O {Auf den ersten Blick
sieht es so aus als hätte Weiß einiges erreicht. Wie aber bald deutlich wird,
hat Schwarz auch Möglichkeiten zum Gegenspiel.} Bg4 16. Rde1 (16. Rdg1 $2 Bf3)
16... Ba5 $1 {Mit diesem Abtausch kämpft sich Schwarz das Feld b4 für den
Springer frei und schwächt den Pe3.} 17. Rhg1 Bf5 18. Bd3 Bxd2+ 19. Qxd2 Nb4 {
Es wird nun forciert einiges Material getauscht und es entsteht ein Endspiel
mit (vorübergehend) einem Mehrbauern für Schwarz.} (19... Bg6 $5 {war auch
möglich, um die Damen noch auf dem Brett zu halten, z.B.} 20. Nf2 Bxd3 21. Nxd3
Re8 22. e4 Nb6 $13) 20. Nf6+ gxf6 21. Bxf5 Nxa2+ 22. Kc2 Qxd2+ 23. Kxd2 Kg7 24.
gxf6+ (24. e4 $5 {kam auch stark in Betracht.}) 24... Kxf6 25. Bb1 Rad8+ 26.
Ke2 Nb4 27. e4 $44 {Weiß hat zwar einen Minusbauern, aber der h-Bauer von
Schwarz ist schwach, so dass Weiß genug Gegenspiel hat.} h6 28. Rg3 Rd4 29. Rd1
Rxd1 30. Kxd1 a5 31. Ke2 b5 32. Rh3 Rh8 33. Ke3 Rd8 34. Ke2 Rh8 35. Ke3 Rd8 (
35... c5 $5 36. Rh5) 36. Ke2 Kg7 37. Rg3+ Kf8 38. Rh3 Rd6 39. e5 Rd4 40. Ke3 c5
41. Be4 Nd5+ (41... Rc4 $5 42. Rxh6 Nc2+ 43. Kd3 Ne1+ 44. Ke3 $11) 42. Bxd5
Rxd5 43. Rxh6 c4 44. Rd6 Rc5 (44... Rxd6 $2 45. exd6 $18) 45. Kd4 c3 46. bxc3 (
46. Kxc5 $2 c2) 46... Rc4+ 47. Kd3 Rxf4 48. Rd5 b4 49. Rxa5 Rf3+ 50. Kd4 Rxc3
1/2-1/2

[Event "YUG-ch 55th"]
[Site "Subotica"]
[Date "2000.04.02"]
[Round "15"]
[White "Markovic, Miroslav"]
[Black "Kalezic, Blazo"]
[Result "1-0"]
[WhiteElo "2586"]
[BlackElo "2403"]
[Annotator "Lutz,C"]
[PlyCount "107"]
[EventDate "2000.03.16"]
[EventType "tourn"]
[EventRounds "15"]
[EventCountry "YUG"]
[EventCategory "10"]
[SourceTitle "CBM 076"]
[Source "ChessBase"]
[SourceDate "2000.05.31"]
[SourceVersion "1"]
[SourceVersionDate "2000.05.31"]
[SourceQuality "1"]

1. d4 d5 2. c4 c6 3. Nf3 Nf6 4. Nc3 e6 5. e3 Nbd7 6. Qc2 Bd6 7. g4 Nxg4 8. Rg1
Nh6 $6 {Mir gefällt dieser Zug nicht: Schwarz behält zwar den Bauern, aber er
muss die schwarzfeldrigen Läufer tauschen und eine halboffene g-Linie gegen
seinen König zulassen. Und außerdem: Springer am Rand ...} 9. e4 dxe4 10. Nxe4
Bb4+ 11. Bd2 Bxd2+ 12. Qxd2 Nf5 13. O-O-O Nf6 14. Bd3 g6 (14... O-O 15. Rg2
Nxe4 16. Bxe4 Qf6 17. Ne5 Rd8 18. Ng4 Qe7 19. Bxf5 exf5 20. Nh6+ Kh8 21. Rxg7
Kxg7 22. Rg1+ Kh8 23. Qe2 {1-0 Krasenkow,M-Sveshnikov,E/Moscow 1992/EXT 97 (23)
}) (14... Nxd4 15. Bc2 Nxe4 16. Bxe4 c5 17. Rxg7 $40) 15. Nc3 Nxd4 (15... O-O
16. Qf4 $44) 16. Bc2 c5 17. Nb5 O-O $2 {Rochiert genau in den Angriff herein.}
(17... a6 18. Nbxd4 cxd4 19. Qh6 $44) 18. Nbxd4 cxd4 19. Qh6 {Ich sehe bereits
keine Verteidigung mehr.} d3 (19... Qe7 20. Rxd4 b5 21. Ne5 $16 {/\} Bb7 22.
Bxg6 fxg6 23. Nxg6 hxg6 24. Rxg6+ Kf7 25. Rg7+ $18) (19... e5 20. Nxe5 Be6 21.
Bxg6) 20. Rxd3 Qc7 21. Ng5 $18 {Es droht Rf3 oder Nxh7 nebst Rh3.} Qf4+ 22. Kb1
Qxf2 23. Rdd1 {Mit der Drohung Rdf1.} Qe2 24. Nxh7 Qxd1+ 25. Bxd1 (25. Rxd1
Nxh7 26. Bxg6 fxg6 27. Qxg6+ Kh8 28. Rg1) 25... Nxh7 26. Bc2 Kh8 27. Rg4 $6 (
27. Bxg6 $18) 27... Rg8 28. Rh4 Rg7 29. Qd2 Kg8 30. Qd8+ Nf8 31. c5 f5 32. Rh6
b6 33. Bb3 bxc5 34. h4 a5 35. h5 gxh5 36. Rxh5 Rg1+ 37. Kc2 Rg2+ 38. Kc1 Rg1+
39. Kd2 Rg2+ 40. Ke3 Rg3+ 41. Kf4 Rg4+ 42. Ke5 c4 43. Rg5+ Rxg5 44. Qxg5+ Kf7
45. Bxc4 a4 46. Qxf5+ Ke8 47. Qh5+ Ke7 48. Qg5+ Kf7 49. Qf6+ Kg8 50. Qd8 Kf7
51. Bd3 Kg8 52. Kf6 a3 53. Bh7+ Kxh7 54. Qe7+ 1-0

[Event "EU-Cup 20th"]
[Site "Izmir"]
[Date "2004.10.09"]
[Round "7.3"]
[White "Krasenkow, Michal"]
[Black "Sokolov, Ivan"]
[Result "0-1"]
[WhiteElo "2676"]
[BlackElo "2663"]
[Annotator "Lutz,C"]
[PlyCount "72"]
[EventDate "2004.10.03"]
[EventType "team-swiss"]
[EventRounds "7"]
[EventCountry "TUR"]
[SourceTitle "CBM 104"]
[Source "ChessBase"]
[SourceDate "2005.01.27"]
[SourceVersion "1"]
[SourceVersionDate "2005.01.27"]
[SourceQuality "1"]
[WhiteTeam "Warsaw Polonia"]
[BlackTeam "Sarajevo Bosna"]
[WhiteTeamCountry "POL"]
[BlackTeamCountry "BIH"]

1. d4 d5 2. c4 c6 3. Nc3 Nf6 4. e3 a6 5. Qc2 e6 6. Nf3 c5 7. cxd5 exd5 8. Be2
Nc6 9. O-O Be6 10. Rd1 Nb4 11. Qb1 (11. Qd2 {1/2-1/2 Aleksandrov,A-Bacrot,E/
Izmir 2004/CBM 104/[Lutz] (34)}) 11... Qc8 12. Bd2 {'?!'} (12. Nh4 g5 13. a3
gxh4 14. axb4 cxb4 15. Na4 Qc7 16. Bd2 Ne4 17. f3 Nxd2 18. Rxd2 Rc8 $17 {
1/2-1/2 Dittmar,P-Bjarnason,O/Bad Woerishofen 2003/CBM 93 ext (34)}) (12. e4 {
sah noch wie das Beste aus, z.B.} Nxe4 13. Nxe4 Bf5 14. Nfd2 (14. Bd3 Nxd3 15.
Ng3 c4 $17) 14... dxe4 15. Nxe4 cxd4 16. Bd3 $13) 12... Bf5 13. Qc1 c4 14. Ne1
Bd6 15. b3 b5 {'-/+' Dank seines Raumvorteils am Damenflügel und der Kontrolle
des Zentrums hat Schwarz bereits deutlichen Vorteil.} 16. bxc4 bxc4 17. Bf3 Qe6
18. Na4 a5 19. a3 Nd3 20. Nxd3 Bxd3 {Dieser Läufer lähmt das weiße Spiel, da
nun die weißen Türme nicht mehr herauskommen.} 21. Nc5 Bxc5 22. dxc5 O-O 23.
Qb2 (23. Bc3 $5 {/\ Bd4}) 23... Ne4 24. Qd4 Rfd8 25. Ra2 Qc6 {'?' Gibt Weiß
eine Chance zur Entlastung.} 26. Bc3 {'?'} ({Zaeher ist} 26. Bxa5 Rxa5 27. Bxe4
Bxe4 28. Qxe4 Qxc5 $15) 26... f6 27. Be2 Nxc5 28. Bxd3 Nxd3 29. a4 Nb4 {
'-+' Weiß verliert weiteres Material} 30. Rad2 Qxa4 31. e4 Nc6 32. Qc5 d4 33.
h4 Rac8 34. Ra1 Qb3 35. Bxa5 c3 36. Bxd8 cxd2 0-1

[Event "FIDE-Wch k.o."]
[Site "Tripoli"]
[Date "2004.06.20"]
[Round "1.2"]
[White "Kempinski, Robert"]
[Black "Lastin, Alexander"]
[Result "0-1"]
[WhiteElo "2586"]
[BlackElo "2622"]
[Annotator "Lutz,C"]
[PlyCount "80"]
[EventDate "2004.06.19"]
[EventType "k.o."]
[EventRounds "7"]
[EventCountry "LBY"]
[SourceTitle "CBM 102"]
[Source "ChessBase"]
[SourceDate "2004.09.23"]
[SourceVersion "1"]
[SourceVersionDate "2004.09.23"]
[SourceQuality "1"]

1. d4 d5 2. c4 c6 3. e3 Nf6 4. Nc3 e6 5. Nf3 Nbd7 6. Qc2 Bd6 7. g4 dxc4 8. Bxc4
e5 $5 9. h3 {Dieser Versuch erscheint mir zu zahm, da Schwarz unbehelligt
aktiv werden kann. 9.g5 muss der richtige Zug für Weiß sein.} (9. g5 {0-1
Radjabov,T-Shirov,A/Leon 2004/CBM 102/[Lutz] (47)}) 9... O-O 10. Bd2 b5 11. Be2
b4 12. dxe5 Nxe5 13. Na4 Nxf3+ 14. Bxf3 Qe7 $17 {Ständen die weißen Bauern
noch auf g2 und h2, könnte Weiß sich auf den rückständigen schwarzen c-Bauern
stürzen. So aber leidet er unter seiner unsicheren Königsstellung.} 15. Rc1 (
15. O-O $4 Qe5 $19) (15. O-O-O Be6 16. b3 Bd5 17. Bxd5 cxd5 $17) (15. Bxc6 Bb7)
15... Be6 16. Bg2 Bd5 17. f3 (17. Bxd5 cxd5 $40) 17... c5 18. O-O c4 {Zwar hat
Weiß seinen König halbwegs in Sicherheit gebracht, aber nun konnte Schwarz
seinen c-Bauern weit vorrücken. Der Na4 steht immer noch im Abseits.} 19. Rce1
Bc6 20. g5 Nh5 21. f4 Bxg2 22. Kxg2 Rac8 23. e4 {Weiß wird im Zentrum aktiv,
aber dafür ist sein König wiederum entblößt.} Rfd8 24. e5 Bb8 25. Be3 Rd3 26.
Qe2 g6 27. Rd1 Qb7+ 28. Kh2 Qe4 29. Rxd3 cxd3 30. Qf3 Rc2+ $19 31. Kg1 Qxf3 32.
Rxf3 d2 33. Rf1 Nxf4 $1 {Da der Na4 weiterhin nicht witwirkt, kann Schwarz mit
dieser kleinen Kombination seinen Freibauern zur Geltung bringen.} 34. Bxf4
Bxe5 35. Bxd2 (35. Bxe5 Rc1 $19) 35... Rxd2 36. a3 bxa3 37. bxa3 Bd4+ 38. Kh1
Rd3 39. Rf4 Rxh3+ 40. Kg2 Rd3 0-1

[Event "ISR-chT"]
[Site "Ramat Aviv"]
[Date "2000.03.03"]
[Round "4.2"]
[White "Gofshtein, Leonid D"]
[Black "Huzman, Alexander"]
[Result "0-1"]
[WhiteElo "2580"]
[BlackElo "2574"]
[Annotator "Lutz,C"]
[PlyCount "80"]
[EventDate "2000.01.14"]
[EventType "team"]
[EventRounds "11"]
[EventCountry "ISR"]
[SourceTitle "CBM 077"]
[Source "ChessBase"]
[SourceDate "2000.07.27"]
[SourceVersion "1"]
[SourceVersionDate "2000.07.27"]
[SourceQuality "1"]
[WhiteTeam "Tel Aviv Ironi"]
[BlackTeam "Beer Sheva"]
[WhiteTeamCountry "ISR"]
[BlackTeamCountry "ISR"]

1. d4 d5 2. c4 c6 3. Nc3 Nf6 4. e3 e6 5. b3 Nbd7 6. Bb2 Bd6 7. Nf3 O-O 8. Be2
dxc4 9. bxc4 e5 10. O-O Re8 11. Qc2 Qe7 12. Rfe1 e4 13. Nd2 Nf8 14. f3 exf3 15.
Bxf3 {Weiß hat ein Bauernübergewicht im Zentrum, aber wie die Praxis gezeigt
hat, hat Schwarz durch sein aktives Figurenspiel ausreichendes Gegenspiel.} Ng4
16. Nf1 Qh4 $5 {Huzman ist Sekundant von Gelfand und wird sich wahrscheinlich
nach oder vor dessen Partie gegen Anand intensiv mit dieser Stellung
auseinandergesetzt haben.} (16... Qg5 {1/2-1/2 Gelfand,B-Anand,V/Monaco 2000/
CBM 75/[Lutz] (37) Lutz}) 17. h3 Nf6 $146 {Dass Schwarz nicht einfach
herumtrödeln dar, bis Weiß sich konsolidiert hat und sein Zentrum zur Geltung
bringt, zeigen zwei Vorgänger zu dieser Stellung.} (17... Bf5 18. e4 Nh6 19.
Qf2 Qxf2+ 20. Kxf2 Bd7 21. c5 Be7 22. g4 $16 {1-0 Weinberger,T-Barczay,L/
Budapest 1955/MCD (37)}) (17... Nh6 18. Qf2 Qxf2+ 19. Kxf2 Nf5 20. g3 Bd7 21.
Red1 Rad8 22. c5 Be7 23. Ne2 g5 24. e4 Ng7 25. g4 Ng6 26. Ne3 Ne6 27. Nf5 $16 {
1-0 Bentzen,E-Christiansen,J/Norresundby 1992/EXT 2000 (49)}) 18. e4 Ne6 19.
Rad1 Bc7 20. Qf2 Qxf2+ 21. Kxf2 Ng5 22. Ng3 (22. e5 Nd7 {/\ ...c5} 23. c5 Nxf3
24. gxf3 b6 $132) 22... Be6 23. d5 Bb6+ 24. Ke2 cxd5 25. cxd5 Bd7 $15 {[%csl
Re2] Eigentlich hätte Weiß eine gute Stellung - wäre da nicht der König, der
im Weg steht und Opfer der schwarzen Sticheleien wird.} 26. h4 Nxf3 27. gxf3
Rac8 28. Rc1 Bc7 29. Kf2 Bf4 30. Rcd1 (30. Rc2 Nxd5 $1 31. exd5 Bxg3+ $19)
30... Be5 31. Nge2 Nh5 32. Ke3 f5 $1 $17 33. Rg1 fxe4 34. fxe4 Nf6 35. Rdf1
Nxe4 $19 36. Nxe4 Bxb2 37. Nd4 Rc3+ 38. Kf4 Rf8+ 39. Ke5 Rxf1 40. Rxf1 Rd3 0-1

[Event "POL-ch 57th"]
[Site "Plock"]
[Date "2000.05.05"]
[Round "8"]
[White "Krasenkow, Michal"]
[Black "Kuczynski, Robert"]
[Result "1/2-1/2"]
[WhiteElo "2661"]
[BlackElo "2451"]
[Annotator "Lutz,C"]
[PlyCount "69"]
[EventDate "2000.04.28"]
[EventType "tourn"]
[EventRounds "13"]
[EventCountry "POL"]
[EventCategory "10"]
[SourceTitle "CBM 078"]
[Source "ChessBase"]
[SourceDate "2000.10.18"]
[SourceVersion "1"]
[SourceVersionDate "2000.10.18"]
[SourceQuality "1"]

1. Nf3 d5 2. c4 c6 3. e3 Nf6 4. Nc3 e6 5. d4 Nbd7 6. Qc2 Bd6 7. g4 Bb4 $5 {
Dieser Zug wurde durch Kramnik in die Praxis eingeführt. Schwarz möchte auf
den weißen Feldern spielen und nachweisen, dass g2-g4 eine Schwächung ist.} 8.
a3 (8. Bd2 {1/2-1/2 Krasenkow,M-Vallejo Pons,F/Saint Vincent 2000/CBM 78/(Lutz]
(46)}) 8... Bxc3+ 9. bxc3 (9. Qxc3 Nxg4 10. Rg1 Ngf6 11. Nd2 (11. Rxg7 $2 Ne4
12. Qc2 Qf6 $19) 11... O-O 12. b3 Qc7 13. f4 b6 14. Bb2 Bb7 15. O-O-O Rfd8 16.
Be2 a5 17. Rg5 a4 18. Rdg1 g6 19. b4 dxc4 20. Bxc4 Nd5 $13 {0-1 Scekic,
M-Brumen,D/Ljubljana 1998/EXT 99 (32)}) 9... Qa5 (9... b6 10. Rg1 Bb7 11. Nd2
c5 12. cxd5 exd5 13. g5 Ne4 14. Nxe4 dxe4 15. Bb2 cxd4 16. cxd4 O-O 17. d5 Re8
18. Rd1 a6 19. Qa4 b5 20. Qd4 Ne5 21. Be2 Rc8 22. Qxe4 Nc4 23. Qd4 Nxb2 24.
Qxb2 Bxd5 $13 {0-1 Akesson,R-Ivanov,S/Stockholm 2000/CBM 74 ext (34)}) 10. Bd3
dxc4 (10... b6 11. cxd5 cxd5 12. Bd2 {/\ c4}) 11. Bxc4 e5 12. g5 Ne4 $1 13. Bb2
(13. Qxe4 Qxc3+ 14. Nd2 Qxa1 $17) 13... Nd6 14. Bd3 exd4 15. exd4 Nb6 16. O-O-O
Be6 $11 {[%csl Rc4,Rd5,Re4,Rf5][%cal Ye6c4,Yd6c4,Yb6d5,Yb6c4,Yd6e4,Yd6f5]
Schwarz hat sehr schön das Thema seiner Strategie - Kontrolle über die weißen
Felder - realisiert.} 17. Rhe1 O-O-O 18. Re5 Qa4 19. Nd2 Qxc2+ 20. Kxc2 g6 21.
h4 Bd5 22. Bc1 Nbc4 23. Nxc4 Nxc4 24. Re7 Rhe8 25. Rde1 Rxe7 26. Rxe7 Rd7 27.
Re2 Kd8 28. f4 Re7 29. Rxe7 Kxe7 30. f5 Nd6 31. f6+ Ke6 32. Bf1 (32. h5 gxh5
33. Bxh7 h4 {kann nur dem Weißen Ärger bereiten.}) 32... Kf5 33. Bh3+ Ke4 34.
Bg2+ Kf5 35. Bh3+ 1/2-1/2

[Event "FRA-ch Pool B"]
[Site "Vichy"]
[Date "2000.08.15"]
[Round "1"]
[White "Dorfman, Josif D"]
[Black "Fressinet, Laurent"]
[Result "1/2-1/2"]
[WhiteElo "2600"]
[BlackElo "2536"]
[Annotator "Lutz,C"]
[PlyCount "174"]
[EventDate "2000.08.15"]
[EventType "tourn"]
[EventRounds "7"]
[EventCountry "FRA"]
[EventCategory "11"]
[SourceTitle "CBM 079"]
[Source "ChessBase"]
[SourceDate "2000.11.21"]
[SourceVersion "1"]
[SourceVersionDate "2000.11.21"]
[SourceQuality "1"]

1. d4 d5 2. c4 c6 3. Nf3 Nf6 4. Nc3 e6 5. e3 Nbd7 6. Qc2 Bd6 7. g4 Nxg4 8. Rg1
f5 {Diese Variante führt zu Stellungen ähnlich dem Stonewall, in denen die
g-Bauern bereits getauscht sind. Weiß steht etwas besser, aber die schwarze
Stellung ist fest.} 9. h3 Ngf6 10. Rxg7 Ne4 11. Bd2 Qf6 12. Rg2 Nf8 13. O-O-O
Ng6 14. Bd3 (14. Be2 Bd7 15. Rdg1 O-O-O 16. Be1 Kb8 17. Kb1 Ka8 18. Ka1 Qe7 (
18... Be8 19. Bd3 Rf8 20. a3 Qe7 21. h4 Nxc3 22. Bxc3 Nxh4 23. Nxh4 Qxh4 24.
Ba5 Rb8 25. c5 b6 26. Bxb6 Be7 27. Qa4 Rb7 28. Rg7 Kb8 29. Ba5 Qxf2 30. R1g2
Qxe3 31. Ba6 Rb3 32. Rxe7 Rb5 33. Bxb5 cxb5 34. Rxe8+ {1-0 Wells,P-Delemarre,J/
Antwerp 1996/EXT 99 (34)}) 19. c5 Bc7 20. h4 e5 21. h5 exd4 22. Nxd4 Ne5 23.
Na4 Ng4 24. Nxf5 Bxf5 25. Bxg4 Bxg4 26. Rxg4 Rhf8 27. f4 Nf6 28. Rg7 Qxe3 29.
Bf2 Qe4 30. Qxe4 Nxe4 31. Rxc7 Nxf2 32. Rxh7 Rxf4 33. Rd7 Re8 34. b3 Rh4 35.
Re7 Rb8 36. Rf1 Nd3 37. Rh7 b5 38. cxb6 axb6 39. Kb1 Rb7 40. Rh8+ Ka7 41. Rff8
Re7 42. Ra8+ Kb7 43. Rab8+ Kc7 44. Rbc8+ Kd6 45. Rhd8+ Ke5 46. Re8 Rxe8 47.
Rxe8+ Kd4 48. Nxb6 Rxh5 49. Rg8 Rh1+ 50. Kc2 Rh2+ 51. Kb1 Rh1+ 52. Kc2 Rh2+ 53.
Kb1 Rb2+ 54. Ka1 Re2 55. Kb1 Re1+ 56. Kc2 Re2+ 57. Kb1 Rb2+ 58. Ka1 Rf2 59. Kb1
Rf1+ 60. Kc2 Rf2+ 61. Kb1 Kc3 62. Na4+ Kd2 63. Rg1 d4 64. Nb6 c5 65. Nc4+ Kc3
66. Rh1 Re2 67. Nb6 Kb4 68. Rd1 Ne5 69. Rc1 d3 70. Nd5+ Ka3 71. Nc3 Rb2+ 72.
Ka1 Rc2 73. Nb1+ Kb4 74. Rd1 Re2 75. Rc1 c4 76. bxc4 Nxc4 77. a3+ Nxa3 {
0-1 Soffer,R-Wells,P/Budapest 1994/CBM 41 ext (77)}) 14... Bd7 15. Rdg1 O-O-O
16. cxd5 Nxc3 17. Bxc3 exd5 18. Rg5 Rdf8 (18... Rde8 19. h4 f4 20. e4 dxe4 21.
Bxe4 Qe7 22. Ne5 Bxe5 23. dxe5 Nf8 24. Qa4 a6 25. Rg7 Qxh4 26. Qd4 Kb8 27. Qd6+
Ka8 28. Bd4 Qd8 29. Bc5 Bc8 30. Qxc6 bxc6 31. Bxc6+ Bb7 32. Rxb7 Qc8 33. Rb6+
Qxc6 34. Rxc6 Nd7 35. Bd4 Kb7 36. Rh6 Re7 37. Kb1 Rhe8 38. Re1 Nxe5 39. Bc5 Re6
40. Rxe6 Rxe6 41. Bd4 {1-0 Miton,K-Grischuk,A/Moscow 1997/EXT 2000 (41)}) 19.
h4 Rhg8 20. Qa4 Kb8 21. Bb4 Ne7 22. Ne5 Bc8 23. Bxd6+ Qxd6 24. Qd1 Qh6 25. f4
$14 Qxh4 26. Rh1 Qf2 27. Qf3 Qxf3 28. Nxf3 Rf7 29. Kd2 Rg6 30. Rgh5 Rg2+ 31.
Be2 Ng8 32. Ng5 Re7 33. Rxh7 Rxh7 34. Nxh7 Kc7 35. Ke1 Rg6 36. Ng5 Nf6 37. Bf3
Rg7 38. Kd2 Ne4+ 39. Bxe4 dxe4 40. Rh6 Bd7 41. Kc3 a5 42. a3 Re7 43. Kc4 Re8
44. Rh7 b6 45. d5 Rg8 46. Kd4 cxd5 47. Kxd5 Rg6 48. Nf7 Rg1 49. Ne5 Rd1+ 50.
Kc4 Rc1+ 51. Kb3 Rd1 52. Kc2 Rd6 53. b4 axb4 54. axb4 Kc8 55. Rh8+ Kc7 56. Rh7
Kc8 57. Kc3 Be6 58. b5 Bd7 59. Kc4 Be6+ 60. Kb4 Ba2 61. Nc6 Be6 62. Nd4 Bd7 63.
Kc4 Kd8 64. Rh5 Kc7 65. Rh8 Rg6 66. Rf8 Rd6 67. Rf7 Kd8 68. Rh7 Ke8 69. Rh5 Kd8
70. Rg5 Kc7 71. Rg8 Kb7 72. Rg7 Kc8 73. Re7 Kd8 74. Re5 Kc7 75. Kc3 Rf6 76. Re7
Kd6 77. Re5 Rf8 78. Kb4 Rf6 79. Kc4 Rf8 80. Rd5+ Kc7 81. Kc3 Rf6 82. Kc2 Rf8
83. Kd2 Rf6 84. Ke1 Rd6 85. Re5 Rf6 86. Kf2 Kd6 87. Kg3 Rg6+ 1/2-1/2

[Event "Dubai op"]
[Site "Dubai"]
[Date "2001.04.22"]
[Round "7"]
[White "Kobalia, Mihail"]
[Black "Sandipan, Chanda"]
[Result "1-0"]
[WhiteElo "2590"]
[BlackElo "2428"]
[Annotator "Lutz,C"]
[PlyCount "95"]
[EventDate "2001.04.15"]
[EventType "swiss"]
[EventRounds "9"]
[EventCountry "UAE"]
[SourceTitle "CBM 083"]
[Source "ChessBase"]
[SourceDate "2001.07.05"]
[SourceVersion "1"]
[SourceVersionDate "2001.07.05"]
[SourceQuality "1"]

1. d4 d5 2. c4 e6 3. Nc3 c6 4. e3 Nf6 5. Nf3 Nbd7 6. Qc2 Bd6 7. g4 Bb4 {
Kramniks Zug} 8. Bd2 Qe7 9. Rg1 (9. a3 $6 Bxc3 10. Bxc3 b6 $1 11. Bd3 Ba6 12.
Qa4 dxc4 $1 13. Qxa6 cxd3 14. Qxd3 $6 O-O 15. g5 Nd5 16. Bd2 f5 $1 $17 {
0-1 Gelfand,B-Kramnik,V/Berlin 1996/CBM 55/[Lutz] (28)}) 9... b6 10. cxd5 cxd5
(10... exd5 $5 {erscheint angesichts der Partiefolge als die sichere
Alternative.} 11. Bd3 Bb7 12. O-O-O O-O 13. g5 Bxc3 14. Bxc3 Ne4 15. Ne5 Nxe5
16. Bxe4 dxe4 17. dxe5 c5 18. Rd6 Rad8 19. Qd2 Rxd6 20. exd6 Qe6 21. b3 Rd8 22.
Ba1 Qxd6 23. Qc3 Qg6 24. h4 h5 25. Qe5 Ba6 26. Bc3 Be2 27. Kb2 a5 28. Rc1 Kh7
29. Ka1 Bg4 30. Kb2 Rd7 31. Rc2 Bd1 32. Rc1 Be2 33. Qe8 Bb5 34. Qf8 Rd5 35. Rc2
Bd3 36. Rd2 b5 $17 37. Ka1 a4 $2 38. bxa4 bxa4 $2 39. Rb2 $1 $18 Rxg5 40. hxg5
Qxg5 41. Rb8 f6 42. Kb2 h4 43. Rb7 a3+ 44. Kxa3 c4 45. Qxf6 {1-0 Hort,V-Zhu
Chen/Munich 2000/CBM 78 (45)}) (10... Nxd5 $5 11. Nxd5 cxd5 12. Rc1 O-O 13. Bd3
Nf6 14. Bxb4 Qxb4+ 15. Qc3 Qe7 16. Ne5 Ne4 17. Bxe4 {1/2-1/2 Wells,P-Wach,M/
Passau 1998/EXT 99 (17)}) 11. Bd3 Bb7 12. g5 Ne4 {Schwarz gibt einen Bauern,
weil er nicht in einer perspektivlosen Stellung landen will.} (12... Bxc3 $6
13. Qxc3 Ne4 14. Qc7 Nxd2 15. Kxd2 Bc8 16. Rac1 O-O 17. a3 $16 {1-0 Barsov,
A-Sandipan,C/Dhaka 2001/CBM 82/[Lutz] (52)}) 13. Nxe4 dxe4 14. Bxe4 Rc8 15. Qb3
Bxd2+ 16. Nxd2 Bxe4 17. Nxe4 O-O 18. Nc3 $1 $146 {Dieser natürliche Zug läßt
das schwarze Bauernopfer in einem anderen Licht erscheinen. Weiß droht, mit 19.
0-0-0 seinen König aus der Gefahrenzone zu bringen. Außerdem wird ...f7-f5-f4
vorgebeugt.} (18. Ke2 f5 {Schwarz hat Spiel für den Bauern, da der weiße König
unsicher steht.} 19. Nd2 f4 20. Rac1 Rxc1 21. Rxc1 fxe3 22. Qxe3 Qd6 23. h4 e5
24. Rc4 Qd5 25. b3 b5 26. Rc7 Qd6 27. Rxa7 exd4 28. Qd3 Nc5 29. Qg3 d3+ 30. Ke1
Qd4 31. Kf1 Nxb3 32. Rxg7+ Kxg7 33. axb3 Rf4 34. h5 b4 35. f3 Qe3 36. Qf2 Qxf2+
37. Kxf2 Rf5 38. Ne4 d2 39. Ke2 Rxf3 40. Nxd2 Rh3 41. Nf3 Rxh5 42. Ke3 Kg6 43.
Kf4 Rh3 44. Ne5+ Kh5 {0-1 Markovic,M-Sedlak,N/Subotica 2000/CBM 76 (44)}) 18...
b5 $5 {Schwarz wirft noch einen zweiten Bauern hinterher, um die lange Rochade
zu verhindern.} (18... f5 19. O-O-O $16) (18... f6 19. g6 $16) 19. Qxb5 Rb8 20.
Qe2 Rfc8 21. Kf1 Qb4 22. Rc1 Qxb2 23. Qxb2 Rxb2 24. Kg2 $16 {Jetzt hat Weiß
einfach ein Endspiel mit einem glatten Bauern mehr.} f6 25. Ne4 Rbc2 26. Rxc2
Rxc2 27. Rb1 f5 28. Rb7 fxe4 29. Rxd7 Rxa2 30. h4 Kf8 31. Kg3 a6 32. Ra7 a5 33.
h5 a4 34. h6 gxh6 35. gxh6 Kg8 36. Rg7+ Kh8 37. Re7 Kg8 38. Rxe6 a3 39. Re7 Ra1
40. Ra7 Rg1+ 41. Kf4 Rf1 42. Ke5 Rxf2 43. Ke6 a2 44. Ra8+ Rf8 45. Rxa2 Re8+ 46.
Kf6 Rf8+ 47. Ke7 Kh8 48. d5 1-0